| 000 | 01358nam a2200337 a 4500 | ||
|---|---|---|---|
| 001 | vtls001331161 | ||
| 003 | NLI | ||
| 005 | 20210627045817.0 | ||
| 008 | 120623s1972 ii 000 1 hin | ||
| 020 | _cRs. 5.00 | ||
| 039 | 9 |
_y201206231749 _zVLOAD |
|
| 040 |
_aNLI _bhineng _cDatasoft_Hindi _eAACR2 |
||
| 041 | 1 | _ahin | |
| 044 | _a ii | ||
| 082 | 0 | 4 | _a 891.733 |
| 100 | 1 |
_6880-01 _aपुश्किन, अलेक्डेण्डर _9676898 |
|
| 245 | 1 | 0 |
_6880-02 _aकप्तान की बेटी / _cअलेक्डेण्डर पुश्किन ; अनुवादक : सविता बेगम |
| 260 |
_aदिल्ली : _bप्रभात प्रकाशन, _c1972 |
||
| 300 |
_a175 p. ; _c18 cm. |
||
| 650 | 0 |
_aRussian fiction _y16th century _xTranslations into Hindi |
|
| 700 | 0 |
_6880-03 _aसविता बेगम, _4अनु |
|
| 880 | 1 |
_6100-01(B _aPuśkina, Alexzendera |
|
| 880 | 1 | 0 |
_6245-02(B _aKaptāna kī beṭī / _cAlexzendera Puśkina ; translated by : Savitā Begama |
| 880 |
_6700-03(B _aSavitā Begama _4trl |
||
| 887 | _a Md.Jilani(01.02.2012)Pintu(20.03.2012) | ||
| 901 |
_a62954 _b06.03.1992 |
||
| 902 | _aH 891.733 Pu 956 kb | ||
| 904 |
_cMd.Jilani(01.02.2012)Pintu(20.03.2012) _l35057 |
||
| 949 |
_AVIRTUAITEM _D10000 _X100 _6DBA000062954HIN |
||
| 942 |
_2ddc _cBKS |
||
| 999 |
_aVIRTUA40 _c616640 _d616640 |
||